Statistics for percy jackson and heroes of olympus first names

Click here to take the quiz!

General Stats

  • This quiz has been taken 246 times
  • The average score is 21 of 22

Answer Stats

last names Answer % Correct
jacksonpercy
100%
chaseannabeth
100%
di angelonico
100%
castellanluke
98%
jacksonsally
98%
gracethalia
97%
gracejason
97%
valdezleo
97%
nightshadezoe
96%
di angelobianca
96%
mcleanpiper
96%
levesquehazel
95%
zhangfrank
95%
stolltravis
92%
solacewill
92%
stollconnor
91%
la rueclarisse
90%
beckendorfcharles
89%
beauregardsilena
89%
Ramírez-Arellanoreyna
89%
rodriguezchris
85%
gardnerkatie
75%

Score Distribution

Percentile by Number Answered

Percent of People with Each Score

Your Score History

You have not taken this quiz